Bác Hồ kính yêu

Uloženo v:
Podrobná bibliografie
Médium: Sách giấy
Jazyk:Vietnamese
Vydáno: Hà Nội : Kim đồng , 1979
Tagy: Přidat tag
Žádné tagy, Buďte první, kdo otaguje tento záznam!
Thư viện lưu trữ: Thư viện Trường Đại học Đà Lạt
LEADER 00514nam a2200241 4500
001 DLU020012306
005 ##5/24/2000
020 # # |a 978- 
041 # # |a vie 
082 # # |a 923.1  |b Bac 
090 # # |a 923.1  |b Bac 
245 # # |a Bác Hồ kính yêu 
260 # # |a Hà Nội :  |b Kim đồng ,  |c 1979 
300 # # |a 150 tr.;   |c 19 cm. 
992 # # |a 315 
994 # # |a DLU 
900 # # |a False 
911 # # |a Administrator 
925 # # |a G 
926 # # |a A 
927 # # |a SH 
980 # # |a Thư viện Trường Đại học Đà Lạt